| 000 | 00392nam a2200145Ia 4500 | ||
|---|---|---|---|
| 008 | 231217s9999 xx 000 0 und d | ||
| 041 | _aEnglish | ||
| 082 | _a515 SMI | ||
| 100 | _aSmith, Alton H Albrecht, Walter A | ||
| 245 | 0 | _aFundamental concepts of analysis | |
| 260 |
_c1966 _bNew Delhi : PHI, |
||
| 300 | _aix+190 | ||
| 650 | _aNumber system Integration Set theory | ||
| 942 | _cAA | ||
| 999 |
_c164171 _d164171 |
||